00439nam a2200157Ia 4500008004100000040001900041041001200060082001900072100001700091245007100108260003100179300001900210650001400229700002000243850001800263131103s9999 xx 000 0 und d aLoreto College aEnglish a922/VIAbLCLIB aGheon, Henri 4aThe secret of the cure d'arscHenri Gheon; translated by F J Sheed aLondonbSheed & Wardc1938 a247p. c 20cm. aBiography aSheed, F J; tr. aLCLIB/922/VIA